[Event "COL-ch U2000"]
[Site "Pereira"]
[Date "2019.03.25"]
[Round "8"]
[White "Guzman Franco, Javier"]
[Black "Vasquez, Rafael1"]
[Result "1-0"]
[WhiteElo "1633"]
[BlackElo "1765"]
[PlyCount "45"]
[EventDate "2019.03.21"]
[EventType "swiss"]
[EventRounds "9"]
[EventCountry "COL"]
[SourceTitle "CBM 189 Extra"]
[Source "ChessBase"]
[SourceDate "2019.05.31"]
[SourceVersion "1"]
[SourceVersionDate "2019.05.31"]
[SourceQuality "1"]

1. d4 Nf6 2. c4 g6 3. Nc3 Bg7 4. e4 d6 5. f3 0-0 6. Be3 Nbd7 7. Nh3 c5 8. d5 a6 9. a4 Qa5 10. Qd2 Ne5 11. Nf2 Bd7 12. Be2 h5 13. 0-0 Kh7 14. h3 Be8 15. f4 Ned7 16. Nd3 e5 17. f5 Qd8 18. Bg5 Qe7 19. a5 Rh8 20. Rf2 Qf8 21. fxg6+ fxg6 22. Raf1 Bf7 23. Bxf6 1-0